Năng lượng địa nhiệt và băng cháy
Năng Lượng Địa Nhiệt Và Băng Cháy. Năng lượng là một trong những yếu tố cần thiết cho sự tồn tại và phát triển xã hội, đồng thời cũng là yếu tố duy trì sự sống trên trái đất. Việc nghiên cứu tìm hiểu về nguồn năng lượng mới...
में बचाया:
| मुख्य लेखक: | |
|---|---|
| स्वरूप: | पुस्तक |
| भाषा: | Undetermined |
| प्रकाशित: |
Hà Nội
Bách khoa Hà Nội
2017
|
| विषय: | |
| टैग : |
टैग जोड़ें
कोई टैग नहीं, इस रिकॉर्ड को टैग करने वाले पहले व्यक्ति बनें!
|
| Thư viện lưu trữ: | Trung tâm Học liệu Trường Đại học Cần Thơ |
|---|
| LEADER | 01409nam a2200205Ia 4500 | ||
|---|---|---|---|
| 001 | CTU_230823 | ||
| 008 | 210402s9999 xx 000 0 und d | ||
| 020 | |c 60000 | ||
| 082 | |a 333.88 | ||
| 082 | |b L308 | ||
| 100 | |a Ông Sử Liệt | ||
| 245 | 0 | |a Năng lượng địa nhiệt và băng cháy | |
| 245 | 0 | |c Ông Sử Liệt (chủ biên) ; Lưu Doãn Lương (biên soạn) ; Tống Thị Quỳnh Hoa (biên dịch) ; Đỗ Hữu Nhơn (hiệu đính) | |
| 260 | |a Hà Nội | ||
| 260 | |b Bách khoa Hà Nội | ||
| 260 | |c 2017 | ||
| 520 | |a Năng Lượng Địa Nhiệt Và Băng Cháy. Năng lượng là một trong những yếu tố cần thiết cho sự tồn tại và phát triển xã hội, đồng thời cũng là yếu tố duy trì sự sống trên trái đất. Việc nghiên cứu tìm hiểu về nguồn năng lượng mới và sử dụng chúng một cách có hiệu quả là việc làm cấp thiết và đã được đề cập đầy đủ nhất trong tủ sách “Nguồn năng lượng mới đang vẫy gọi". | ||
| 650 | |a Nguồn năng lượng,Tài nguyên địa nhiệt,Energy sources,Geothermal resources | ||
| 910 | |b vtbtruc | ||
| 980 | |a Trung tâm Học liệu Trường Đại học Cần Thơ | ||